The reinvention of work : (Record no. 42844)

MARC details
000 -LEADER
campo de control de longitud fija 01210cam a2200373Li 4500
001 - NÚMERO DE CONTROL
campo de control 84213
005 - FECHA Y HORA DE LA ÚLTIMA TRANSACCIÓN
campo de control 20230410115523.0
008 - DATOS DE LONGITUD FIJA--INFORMACIÓN GENERAL
campo de control de longitud fija 950609s1994 cau 000 0 eng d
035 ## - NÚMERO DE CONTROL DEL SISTEMA
Número de control de sistema (OCoLC)ocn468655178
040 ## - FUENTE DE CATALOGACIÓN
Centro catalogador/agencia de origen BDF
Lengua de catalogación fre
Centro/agencia transcriptor BDF
Centro/agencia modificador RBA
016 7# - NÚMERO DE CONTROL DE UNA AGENCIA BIBLIOGRÁFICA NACIONAL
Número de control del registro FRBNF377499950000003
Fuente FrPBN
020 ## - NÚMERO INTERNACIONAL ESTÁNDAR DEL LIBRO
Número Internacional Estándar del Libro 0060629185 (rel)
020 ## - NÚMERO INTERNACIONAL ESTÁNDAR DEL LIBRO
Número Internacional Estándar del Libro 9780060629182 (rel)
029 1# - OTRO NÚMERO DE CONTROL DE SISTEMA (OCLC)
Identificador de la biblioteca OCLC ZWZ
Número de control de sistema 097255254
035 ## - NÚMERO DE CONTROL DEL SISTEMA
Número de control de sistema (OCoLC)468655178
050 14 - SIGNATURA TOPOGRÁFICA DE LA BIBLIOTECA DEL CONGRESO
Número de clasificación HD4901 F791r 1994
082 1# - NÚMERO DE LA CLASIFICACIÓN DECIMAL DEWEY
Número de clasificación 306.36
Número de edición 22
100 1# - ENTRADA PRINCIPAL--NOMBRE DE PERSONA
Nombre de persona Fox, Matthew.
Relación aut
245 14 - MENCIÓN DEL TÍTULO
Título The reinvention of work :
Resto del título a new vision of livelihood for our time /
Mención de responsabilidad, etc. Matthew Fox.
260 ## - PUBLICACIÓN, DISTRIBUCIÓN, ETC.
Lugar de publicación, distribución, etc. San Francisco :
Nombre del editor, distribuidor, etc. Harper,
Fecha de publicación, distribución, etc. cop. 1994.
300 ## - DESCRIPCIÓN FÍSICA
Extensión 342 p. ;
Dimensiones 21 cm.
500 ## - NOTA GENERAL
Nota general Notes bibliogr. Index.
650 #7 - PUNTO DE ACCESO ADICIONAL DE MATERIA--TÉRMINO DE MATERIA
Término de materia o nombre geográfico como elemento de entrada Travail
Subdivisión general Aspect religieux.
Fuente del encabezamiento o término ram
650 #6 - PUNTO DE ACCESO ADICIONAL DE MATERIA--TÉRMINO DE MATERIA
Término de materia o nombre geográfico como elemento de entrada Travail.
650 #6 - PUNTO DE ACCESO ADICIONAL DE MATERIA--TÉRMINO DE MATERIA
Término de materia o nombre geográfico como elemento de entrada Travail
Subdivisión general Aspect religieux.
650 #4 - PUNTO DE ACCESO ADICIONAL DE MATERIA--TÉRMINO DE MATERIA
Término de materia o nombre geográfico como elemento de entrada CRV
650 #4 - PUNTO DE ACCESO ADICIONAL DE MATERIA--TÉRMINO DE MATERIA
Término de materia o nombre geográfico como elemento de entrada Colección Rene Villarreal.
856 42 - LOCALIZACIÓN Y ACCESO ELECTRÓNICOS
Materiales especificados Notice et cote du catalogue de la Bibliotháeque nationale de France
Identificador Uniforme de Recursos <a href="http://catalogue.bnf.fr/ark:/12148/cb37749995j">http://catalogue.bnf.fr/ark:/12148/cb37749995j</a>
886 1# - INFORMACIÓN DE CAMPO MARC FORÁNEO
2 intermrc
a 009
b ax-d---------------
886 2# - INFORMACIÓN DE CAMPO MARC FORÁNEO
2 intermrc
a 917
b --
o GEA
a 002573283
942 ## - ELEMENTOS DE ENTRADA SECUNDARIOS (KOHA)
Fuente del sistema de clasificación o colocación Clasificación de Library of Congress
Tipo de ítem Koha
946 ## - PROCESAMIENTO DE INFORMACIÓN LOCAL (OCLC)
a mfcruz
994 ## -
-- C0
-- DRFGD
Holdings
Estatus retirado Estado de pérdida Fuente del sistema de clasificación o colocación Estado de daño No para préstamo Colección Biblioteca de origen Biblioteca actual Ubicación en estantería Fecha de adquisición Serial enumeration / chronology Signatura topográfica completa Código de barras Visto por última vez Copia número Tipo de ítem Koha
    Clasificación de Library of Congress     Ciencias Sociales Biblioteca Juan Bosch Biblioteca Juan Bosch Ciencias Sociales (3er. Piso) 10/04/2023 3 HD4901 F791r 1994 00000079715 24/10/2018 1